000 00289nam a22001337a 4500
008 170401b xxu||||| |||| 00| 0 eng d
020 _a9780131442009
041 _aeng
080 _a574
100 _a9
101 _ashm
245 _aENVIRONMENTAL SCIENCE
_cWRIGHT, R.T
942 _2udc
_cBK
999 _c9409
_d9409